ბათუმის შოთა რუსთაველის სახელმწიფო უნივერსიტეტის ბიბლიოთეკა

Общее земледелие с мелиорацией (ბიბ.ჩანაწერი № 45972)

000 -LEADER
fixed length control field 00613nam a2200205Ia 4500
001 - CONTROL NUMBER
control field 12801
003 - CONTROL NUMBER IDENTIFIER
control field GE_BSU
008 - FIXED-LENGTH DATA ELEMENTS--GENERAL INFORMATION
fixed length control field 181216s||||||||xx |||||||||||||| ||und||
040 ## - CATALOGING SOURCE
Transcribing agency GE_BSU
080 ## - UNIVERSAL DECIMAL CLASSIFICATION NUMBER
Universal Decimal Classification number 631.4(075.32)+631.6(075.32)
100 ## - MAIN ENTRY--PERSONAL NAME
Personal name Королев,А.В. Навроцкий,С.К.
245 ## - TITLE STATEMENT
Title Общее земледелие с мелиорацией
245 ## - TITLE STATEMENT
Statement of responsibility, etc. Ред.Г.А.Пенькова
260 ## - PUBLICATION, DISTRIBUTION, ETC.
Place of publication, distribution, etc. Ленинград
260 ## - PUBLICATION, DISTRIBUTION, ETC.
Name of publisher, distributor, etc. Колос
260 ## - PUBLICATION, DISTRIBUTION, ETC.
Date of publication, distribution, etc. 1967
300 ## - PHYSICAL DESCRIPTION
Extent 400стр.20см.илл.
653 ## - INDEX TERM--UNCONTROLLED
Uncontrolled term Общее земледелие с мелиорацией
942 ## - ADDED ENTRY ELEMENTS (KOHA)
Koha item type წიგნი
ეგზემპლარები
Withdrawn status Lost status Damaged status Not for loan Date acquired Barcode Date last seen Price effective from Koha item type
        2018-12-17 21010 2018-12-17 2018-12-17 წიგნი